Problematická BUGA 89

Bibliographic Details
Main Author: Přibyl, Jan (Author)
Format: Article
Language:Czech
Subjects:

MARC

LEADER 00000nab a2200000 a 4500
001 vtls000364549
003 SK-MaSNL
005 20260302230416.0
008 160201c1989 xo 0 cze
015 |a SNBRB19rr/mm-uuuuu 
035 |a CL0364671 
040 |a SNKBUCL  |b slo  |c SNKBUCL  |e AACR2 
041 0 |a cze 
044 |a xo  |c SK 
080 |a 635.9.075:061.4  |2 1981 
080 |a 061.4  |2 1981 
100 1 |a Přibyl, Jan  |4 aut  |9 384261 
245 1 0 |a Problematická BUGA 89  |c Jan Přibyl 
650 0 7 |a kvetiny  |2 snkbucl  |9 73382 
655 7 |a články z novín a časopisov  |2 snkbucl  |9 267496 
773 0 |t Záhradníctvo  |g Roč. 14, č. 11 (1989), s. 515-516 
850 |a Slovenská národná knižnica v Martine  |a MTA001 
852 |a SNK  |b KIS3GCP 
958 |a RK 
958 |a CZ 
992 |a RBX 
999 |c 1533621  |d 1535551